[Event "ODJM B 2024"]
[Site "Willingen GER"]
[Date "2024.05.23"]
[Round "7"]
[White "Meijers, Jaroslav"]
[Black "Böttcher, Tim"]
[Result "0-1"]
[Termination "normal"]
[Board "29"]
[WhiteElo "1704"]
[BlackElo "1699"]
[WhiteClock "00:02:25"]
[BlackClock "00:52:53"]
[PlyCount "82"]
[WhiteFideId "34143297"]
[BlackFideId "16278550"]
[EventCountry "GER"]
[EventRounds "9"]
[EventType "swiss"]
[EventDate "2024.05.18"]

1. d4 {[%clk 01:30:54]} {[%emt 00:00:05]} Nf6 {[%clk 01:30:49]} {[%emt
00:00:11]} 2. Nc3 {[%clk 01:30:19]} {[%emt 00:01:05]} d5 {[%clk 01:28:37]}
{[%emt 00:02:42]} 3. Bf4 {[%clk 01:28:02]} {[%emt 00:02:47]} Bf5 {[%clk
01:27:48]} {[%emt 00:01:18]} 4. Nf3 {[%clk 01:26:30]} {[%emt 00:02:03]} c6
{[%clk 01:26:43]} {[%emt 00:01:35]} 5. e3 {[%clk 01:24:19]} {[%emt 00:02:42]}
Qb6 {[%clk 01:24:55]} {[%emt 00:02:18]} 6. Na4 {[%clk 01:21:33]} {[%emt
00:03:16]} Qa5+ {[%clk 01:22:58]} {[%emt 00:02:26]} 7. c3 {[%clk 01:20:29]}
{[%emt 00:01:35]} e6 {[%clk 01:22:01]} {[%emt 00:01:26]} 8. b4 {[%clk
01:13:56]} {[%emt 00:07:04]} Qd8 {[%clk 01:13:46]} {[%emt 00:08:42]} 9. Bd3
{[%clk 01:02:23]} {[%emt 00:12:05]} Bxd3 {[%clk 01:11:11]} {[%emt 00:03:04]}
10. Qxd3 {[%clk 01:02:08]} {[%emt 00:00:46]} b5 {[%clk 01:09:21]} {[%emt
00:02:21]} 11. Nc5 {[%clk 01:00:11]} {[%emt 00:02:26]} Bxc5 {[%clk 01:08:47]}
{[%emt 00:01:04]} 12. bxc5 {[%clk 00:56:02]} {[%emt 00:04:38]} O-O {[%clk
01:07:09]} {[%emt 00:02:09]} 13. Ne5 {[%clk 00:50:03]} {[%emt 00:06:29]} Nfd7
{[%clk 01:06:39]} {[%emt 00:00:59]} 14. O-O {[%clk 00:44:38]} {[%emt 00:05:56]}
Nxe5 {[%clk 01:05:53]} {[%emt 00:01:16]} 15. Bxe5 {[%clk 00:43:26]} {[%emt
00:01:42]} Nd7 {[%clk 01:05:59]} {[%emt 00:00:25]} 16. Bd6 {[%clk 00:42:01]}
{[%emt 00:01:54]} Re8 {[%clk 01:06:23]} {[%emt 00:00:06]} 17. e4 {[%clk
00:39:39]} {[%emt 00:02:52]} Qg5 {[%clk 01:02:40]} {[%emt 00:04:12]} 18. f4
{[%clk 00:34:27]} {[%emt 00:05:44]} Qh5 {[%clk 01:00:54]} {[%emt 00:02:16]} 19.
f5 {[%clk 00:12:26]} {[%emt 00:22:31]} Nf6 {[%clk 00:58:38]} {[%emt 00:02:45]}
20. exd5 {[%clk 00:07:23]} {[%emt 00:05:33]} Nxd5 {[%clk 00:56:56]} {[%emt
00:02:12]} 21. Rf3 {[%clk 00:05:01]} {[%emt 00:02:52]} exf5 {[%clk 00:54:56]}
{[%emt 00:02:30]} 22. Rxf5 {[%clk 00:04:25]} {[%emt 00:01:07]} Qg6 {[%clk
00:55:07]} {[%emt 00:00:18]} 23. Qf3 {[%clk 00:03:43]} {[%emt 00:01:13]} Re3
{[%clk 00:54:03]} {[%emt 00:01:34]} 24. Qf2 {[%clk 00:03:29]} {[%emt 00:00:44]}
Rae8 {[%clk 00:54:07]} {[%emt 00:00:26]} 25. Rf1 {[%clk 00:02:03]} {[%emt
00:01:56]} Re2 {[%clk 00:53:53]} {[%emt 00:00:44]} 26. Qf3 {[%clk 00:01:51]}
{[%emt 00:00:42]} R8e3 {[%clk 00:53:07]} {[%emt 00:01:16]} 27. Re5 {[%clk
00:00:39]} {[%emt 00:01:42]} Rxf3 {[%clk 00:52:01]} {[%emt 00:01:35]} 28. Rxe2
{[%clk 00:00:32]} {[%emt 00:00:38]} Rxf1+ {[%clk 00:52:07]} {[%emt 00:00:24]}
29. Kxf1 {[%clk 00:00:46]} {[%emt 00:00:15]} h6 {[%clk 00:52:13]} {[%emt
00:00:25]} 30. Re8+ {[%clk 00:00:57]} {[%emt 00:00:18]} Kh7 {[%clk 00:52:33]}
{[%emt 00:00:10]} 31. Rc8 {[%clk 00:01:12]} {[%emt 00:00:16]} Nxc3 {[%clk
00:52:22]} {[%emt 00:00:41]} 32. g3 {[%clk 00:00:34]} {[%emt 00:01:07]} Qf5+
{[%clk 00:52:16]} {[%emt 00:00:36]} 33. Ke1 {[%clk 00:00:40]} {[%emt 00:00:25]}
Qxc8 {[%clk 00:52:30]} {[%emt 00:00:16]} 34. Kd2 {[%clk 00:00:48]} {[%emt
00:00:22]} Nxa2 {[%clk 00:52:40]} {[%emt 00:00:19]} 35. Kd3 {[%clk 00:01:02]}
{[%emt 00:00:17]} Qe6 {[%clk 00:52:45]} {[%emt 00:00:24]} 36. h4 {[%clk
00:01:08]} {[%emt 00:00:25]} Nb4+ {[%clk 00:52:58]} {[%emt 00:00:17]} 37. Kc3
{[%clk 00:01:27]} {[%emt 00:00:11]} Qc4+ {[%clk 00:53:05]} {[%emt 00:00:22]}
38. Kb2 {[%clk 00:01:45]} {[%emt 00:00:13]} Nd3+ {[%clk 00:53:07]} {[%emt
00:00:26]} 39. Ka1 {[%clk 00:02:07]} {[%emt 00:00:09]} Qb3 {[%clk 00:53:16]}
{[%emt 00:00:21]} 40. d5 {[%clk 00:02:28]} {[%emt 00:00:10]} Nb4 {[%clk
00:53:10]} {[%emt 00:00:35]} 41. Be5 {[%clk 00:02:25]} {[%emt 00:00:33]} Nc2#
{[%clk 00:52:53]} {[%emt 00:00:15]} 0-1

[Event "ODJM B 2024"]
[Site "Willingen GER"]
[Date "2024.05.23"]
[Round "7"]
[White "Sniegowski, Richard"]
[Black "Claussen, Alexander"]
[Result "1-0"]
[Termination "normal"]
[Board "30"]
[WhiteElo "1683"]
[BlackElo "1595"]
[WhiteClock "00:47:19"]
[BlackClock "01:00:57"]
[PlyCount "45"]
[WhiteFideId "34664181"]
[BlackFideId "16248910"]
[EventCountry "GER"]
[EventRounds "9"]
[EventType "swiss"]
[EventDate "2024.05.18"]

1. e4 {[%clk 01:30:59]} {[%emt 00:00:01]} e6 {[%clk 01:30:56]} {[%emt
00:00:05]} 2. Nf3 {[%clk 01:31:24]} {[%emt 00:00:04]} b6 {[%clk 01:31:21]}
{[%emt 00:00:06]} 3. d4 {[%clk 01:31:50]} {[%emt 00:00:03]} Bb7 {[%clk
01:31:47]} {[%emt 00:00:04]} 4. Bd3 {[%clk 01:32:12]} {[%emt 00:00:08]} d5
{[%clk 01:32:11]} {[%emt 00:00:06]} 5. Qe2 {[%clk 01:30:16]} {[%emt 00:02:26]}
Nf6 {[%clk 01:30:31]} {[%emt 00:02:10]} 6. e5 {[%clk 01:29:55]} {[%emt
00:00:50]} Nfd7 {[%clk 01:27:25]} {[%emt 00:03:36]} 7. O-O {[%clk 01:29:49]}
{[%emt 00:00:37]} Be7 {[%clk 01:27:28]} {[%emt 00:00:27]} 8. Be3 {[%clk
01:26:04]} {[%emt 00:04:15]} c5 {[%clk 01:26:04]} {[%emt 00:01:54]} 9. c3
{[%clk 01:25:28]} {[%emt 00:01:06]} Nc6 {[%clk 01:26:27]} {[%emt 00:00:08]} 10.
Nbd2 {[%clk 01:25:18]} {[%emt 00:00:40]} O-O {[%clk 01:23:31]} {[%emt
00:03:25]} 11. Rac1 {[%clk 01:25:24]} {[%emt 00:00:24]} c4 {[%clk 01:22:57]}
{[%emt 00:01:05]} 12. Bb1 {[%clk 01:25:45]} {[%emt 00:00:09]} b5 {[%clk
01:23:18]} {[%emt 00:00:08]} 13. b3 {[%clk 01:25:32]} {[%emt 00:00:43]} Na5
{[%clk 01:23:17]} {[%emt 00:00:31]} 14. b4 {[%clk 01:12:46]} {[%emt 00:13:16]}
Nc6 {[%clk 01:23:39]} {[%emt 00:00:09]} 15. Bc2 {[%clk 01:13:07]} {[%emt
00:00:08]} a5 {[%clk 01:20:32]} {[%emt 00:03:37]} 16. a3 {[%clk 01:12:00]}
{[%emt 00:01:37]} Qb6 {[%clk 01:19:13]} {[%emt 00:01:49]} 17. Ng5 {[%clk
01:01:17]} {[%emt 00:11:12]} g6 {[%clk 01:07:17]} {[%emt 00:12:27]} 18. h4
{[%clk 00:54:02]} {[%emt 00:07:44]} h5 {[%clk 01:06:06]} {[%emt 00:01:41]} 19.
g4 {[%clk 00:52:40]} {[%emt 00:01:53]} hxg4 {[%clk 01:04:52]} {[%emt 00:01:44]}
20. Qxg4 {[%clk 00:53:06]} {[%emt 00:00:04]} Kg7 {[%clk 01:03:51]} {[%emt
00:01:31]} 21. Nxe6+ {[%clk 00:52:11]} {[%emt 00:01:25]} Kg8 {[%clk 01:01:10]}
{[%emt 00:03:11]} 22. Bxg6 {[%clk 00:47:35]} {[%emt 00:05:06]} Ncxe5 {[%clk
01:00:57]} {[%emt 00:00:43]} 23. Bh7+ {[%clk 00:47:19]} {[%emt 00:00:46]} 1-0

[Event "ODJM B 2024"]
[Site "Willingen GER"]
[Date "2024.05.23"]
[Round "7"]
[White "Farokhi, Darian"]
[Black "Fize, Aleksandrs"]
[Result "1-0"]
[Termination "normal"]
[Board "31"]
[WhiteElo "1691"]
[BlackElo "1609"]
[WhiteClock "00:26:49"]
[BlackClock "00:58:58"]
[PlyCount "117"]
[WhiteFideId "16253108"]
[BlackFideId "34623779"]
[EventCountry "GER"]
[EventRounds "9"]
[EventType "swiss"]
[EventDate "2024.05.18"]

1. e4 {[%clk 01:30:59]} {[%emt 00:00:01]} c5 {[%clk 01:30:57]} {[%emt
00:00:04]} 2. Nf3 {[%clk 01:31:19]} {[%emt 00:00:09]} e6 {[%clk 01:31:23]}
{[%emt 00:00:03]} 3. d4 {[%clk 01:31:35]} {[%emt 00:00:13]} cxd4 {[%clk
01:31:50]} {[%emt 00:00:05]} 4. Nxd4 {[%clk 01:32:00]} {[%emt 00:00:04]} Nc6
{[%clk 01:32:17]} {[%emt 00:00:03]} 5. Bf4 {[%clk 01:32:22]} {[%emt 00:00:08]}
a6 {[%clk 01:31:12]} {[%emt 00:01:36]} 6. Nxc6 {[%clk 01:26:19]} {[%emt
00:06:33]} bxc6 {[%clk 01:31:33]} {[%emt 00:00:09]} 7. c4 {[%clk 01:24:47]}
{[%emt 00:02:01]} Bb4+ {[%clk 01:31:16]} {[%emt 00:00:47]} 8. Bd2 {[%clk
01:25:03]} {[%emt 00:00:14]} Bxd2+ {[%clk 01:31:33]} {[%emt 00:00:13]} 9. Qxd2
{[%clk 01:25:07]} {[%emt 00:00:27]} Qc7 {[%clk 01:31:58]} {[%emt 00:00:05]} 10.
Qg5 {[%clk 01:22:43]} {[%emt 00:02:53]} g6 {[%clk 01:26:14]} {[%emt 00:06:15]}
11. Nc3 {[%clk 01:19:58]} {[%emt 00:03:15]} f6 {[%clk 01:26:30]} {[%emt
00:00:14]} 12. Qd2 {[%clk 01:19:20]} {[%emt 00:01:07]} Ne7 {[%clk 01:26:39]}
{[%emt 00:00:22]} 13. Be2 {[%clk 01:19:07]} {[%emt 00:00:41]} Bb7 {[%clk
01:26:39]} {[%emt 00:00:31]} 14. c5 {[%clk 01:11:01]} {[%emt 00:08:36]} O-O
{[%clk 01:23:06]} {[%emt 00:04:04]} 15. O-O {[%clk 01:09:34]} {[%emt 00:01:56]}
Kg7 {[%clk 01:23:14]} {[%emt 00:00:23]} 16. Na4 {[%clk 01:07:37]} {[%emt
00:02:26]} Rad8 {[%clk 01:22:19]} {[%emt 00:01:25]} 17. Rad1 {[%clk 01:05:46]}
{[%emt 00:02:21]} Nc8 {[%clk 01:19:29]} {[%emt 00:03:20]} 18. Qb4 {[%clk
01:02:40]} {[%emt 00:03:36]} d6 {[%clk 01:18:21]} {[%emt 00:01:39]} 19. cxd6
{[%clk 01:01:34]} {[%emt 00:01:35]} Nxd6 {[%clk 01:17:54]} {[%emt 00:00:57]}
20. Nc5 {[%clk 01:01:28]} {[%emt 00:00:36]} Bc8 {[%clk 01:16:27]} {[%emt
00:01:57]} 21. Bxa6 {[%clk 01:00:30]} {[%emt 00:01:29]} Bxa6 {[%clk 01:13:13]}
{[%emt 00:03:44]} 22. Nxa6 {[%clk 01:00:51]} {[%emt 00:00:09]} Qb7 {[%clk
01:07:54]} {[%emt 00:05:49]} 23. Qxb7+ {[%clk 00:59:28]} {[%emt 00:01:52]} Nxb7
{[%clk 01:08:17]} {[%emt 00:00:08]} 24. Nb4 {[%clk 00:59:54]} {[%emt 00:00:04]}
Na5 {[%clk 01:07:33]} {[%emt 00:01:14]} 25. b3 {[%clk 00:57:03]} {[%emt
00:03:20]} c5 {[%clk 01:04:23]} {[%emt 00:03:40]} 26. Nd3 {[%clk 00:57:00]}
{[%emt 00:00:34]} c4 {[%clk 01:04:16]} {[%emt 00:00:36]} 27. Nc5 {[%clk
00:55:49]} {[%emt 00:01:41]} Kf7 {[%clk 01:04:07]} {[%emt 00:00:40]} 28. Rxd8
{[%clk 00:45:35]} {[%emt 00:10:43]} Rxd8 {[%clk 01:03:24]} {[%emt 00:01:13]}
29. bxc4 {[%clk 00:43:35]} {[%emt 00:02:29]} Nxc4 {[%clk 01:03:28]} {[%emt
00:00:27]} 30. Nb3 {[%clk 00:43:49]} {[%emt 00:00:16]} Nd2 {[%clk 01:02:20]}
{[%emt 00:01:39]} 31. Nxd2 {[%clk 00:42:33]} {[%emt 00:01:46]} Rxd2 {[%clk
01:02:40]} {[%emt 00:00:10]} 32. Ra1 {[%clk 00:42:57]} {[%emt 00:00:05]} Ke7
{[%clk 01:02:52]} {[%emt 00:00:17]} 33. a4 {[%clk 00:36:29]} {[%emt 00:06:59]}
Kd7 {[%clk 01:03:08]} {[%emt 00:00:14]} 34. a5 {[%clk 00:33:58]} {[%emt
00:03:02]} Kc7 {[%clk 01:03:33]} {[%emt 00:00:04]} 35. a6 {[%clk 00:33:41]}
{[%emt 00:00:48]} Kb8 {[%clk 01:03:59]} {[%emt 00:00:04]} 36. a7+ {[%clk
00:33:57]} {[%emt 00:00:13]} Ka8 {[%clk 01:04:25]} {[%emt 00:00:03]} 37. Kf1
{[%clk 00:34:23]} {[%emt 00:00:05]} Rd7 {[%clk 01:04:51]} {[%emt 00:00:04]} 38.
Ra6 {[%clk 00:22:07]} {[%emt 00:12:46]} Rxa7 {[%clk 01:02:45]} {[%emt
00:02:36]} 39. Rxe6 {[%clk 00:22:26]} {[%emt 00:00:11]} Rf7 {[%clk 01:03:10]}
{[%emt 00:00:05]} 40. f4 {[%clk 00:21:16]} {[%emt 00:01:39]} Kb7 {[%clk
01:03:32]} {[%emt 00:00:09]} 41. f5 {[%clk 00:20:21]} {[%emt 00:01:25]} Kc7
{[%clk 01:03:09]} {[%emt 00:00:53]} 42. Kf2 {[%clk 00:17:29]} {[%emt 00:03:22]}
Kd7 {[%clk 01:01:46]} {[%emt 00:01:53]} 43. h4 {[%clk 00:15:25]} {[%emt
00:02:33]} Re7 {[%clk 00:30:51]} {[%emt 00:31:26]} 44. Rxe7+ {[%clk 00:05:48]}
{[%emt 00:10:07]} Kxe7 {[%clk 00:31:13]} {[%emt 00:00:07]} 45. fxg6 {[%clk
00:22:48]} {[%emt 00:13:31]} hxg6 {[%clk 01:01:35]} {[%emt 00:00:07]} 46. Kf3
{[%clk 00:23:00]} {[%emt 00:00:19]} f5 {[%clk 00:55:32]} {[%emt 00:06:33]} 47.
exf5 {[%clk 00:23:07]} {[%emt 00:00:24]} gxf5 {[%clk 00:55:51]} {[%emt
00:00:11]} 48. Kf4 {[%clk 00:23:29]} {[%emt 00:00:07]} Kf6 {[%clk 00:55:48]}
{[%emt 00:00:32]} 49. h5 {[%clk 00:23:53]} {[%emt 00:00:06]} Kg7 {[%clk
00:56:08]} {[%emt 00:00:11]} 50. Kxf5 {[%clk 00:24:15]} {[%emt 00:00:08]} Kh6
{[%clk 00:56:31]} {[%emt 00:00:06]} 51. g4 {[%clk 00:24:36]} {[%emt 00:00:10]}
Kg7 {[%clk 00:56:42]} {[%emt 00:00:19]} 52. g5 {[%clk 00:24:54]} {[%emt
00:00:12]} Kh7 {[%clk 00:57:02]} {[%emt 00:00:09]} 53. g6+ {[%clk 00:25:03]}
{[%emt 00:00:22]} Kg7 {[%clk 00:57:24]} {[%emt 00:00:08]} 54. Kg5 {[%clk
00:25:28]} {[%emt 00:00:05]} Kh8 {[%clk 00:57:45]} {[%emt 00:00:09]} 55. h6
{[%clk 00:25:43]} {[%emt 00:00:14]} Kg8 {[%clk 00:58:06]} {[%emt 00:00:08]} 56.
Kf6 {[%clk 00:25:50]} {[%emt 00:00:24]} Kh8 {[%clk 00:58:20]} {[%emt 00:00:15]}
57. g7+ {[%clk 00:26:06]} {[%emt 00:00:15]} Kg8 {[%clk 00:58:40]} {[%emt
00:00:11]} 58. Ke7 {[%clk 00:26:29]} {[%emt 00:00:07]} Kh7 {[%clk 00:58:58]}
{[%emt 00:00:12]} 59. Kf7 {[%clk 00:26:49]} {[%emt 00:00:10]} 1-0

[Event "ODJM B 2024"]
[Site "Willingen GER"]
[Date "2024.05.23"]
[Round "7"]
[White "Grunert, Greta"]
[Black "Meyer, Henry Paul"]
[Result "0-1"]
[Termination "normal"]
[Board "33"]
[WhiteElo "1590"]
[BlackElo "1718"]
[WhiteClock "00:00:36"]
[BlackClock "00:05:13"]
[PlyCount "92"]
[WhiteFideId "16258649"]
[BlackFideId "34645802"]
[EventCountry "GER"]
[EventRounds "9"]
[EventType "swiss"]
[EventDate "2024.05.18"]

1. e4 {[%clk 01:30:58]} {[%emt 00:00:01]} c5 {[%clk 01:30:55]} {[%emt
00:00:05]} 2. Nc3 {[%clk 01:31:18]} {[%emt 00:00:11]} d6 {[%clk 01:31:18]}
{[%emt 00:00:06]} 3. f4 {[%clk 01:31:20]} {[%emt 00:00:29]} g6 {[%clk
01:31:37]} {[%emt 00:00:10]} 4. Bb5+ {[%clk 01:30:57]} {[%emt 00:00:53]} Nc6
{[%clk 01:31:02]} {[%emt 00:01:05]} 5. Bxc6+ {[%clk 01:30:42]} {[%emt
00:00:45]} bxc6 {[%clk 01:31:26]} {[%emt 00:00:06]} 6. Nf3 {[%clk 01:29:55]}
{[%emt 00:01:18]} Bg7 {[%clk 01:31:12]} {[%emt 00:00:43]} 7. O-O {[%clk
01:28:31]} {[%emt 00:01:55]} d5 {[%clk 01:26:02]} {[%emt 00:05:39]} 8. e5
{[%clk 01:24:37]} {[%emt 00:04:24]} e6 {[%clk 01:25:10]} {[%emt 00:01:22]} 9.
Na4 {[%clk 01:12:05]} {[%emt 00:13:03]} Qa5 {[%clk 01:22:13]} {[%emt 00:03:23]}
10. b3 {[%clk 01:10:14]} {[%emt 00:02:24]} Ne7 {[%clk 01:16:57]} {[%emt
00:05:45]} 11. Ba3 {[%clk 01:07:13]} {[%emt 00:03:32]} Ba6 {[%clk 01:11:44]}
{[%emt 00:05:42]} 12. d3 {[%clk 01:02:51]} {[%emt 00:04:53]} Bb5 {[%clk
01:10:31]} {[%emt 00:01:43]} 13. c4 {[%clk 00:54:45]} {[%emt 00:08:37]} Bxa4
{[%clk 01:10:01]} {[%emt 00:00:59]} 14. bxa4 {[%clk 00:54:36]} {[%emt
00:00:39]} Nf5 {[%clk 01:06:18]} {[%emt 00:04:13]} 15. Qb3 {[%clk 00:51:35]}
{[%emt 00:03:32]} O-O {[%clk 01:03:40]} {[%emt 00:03:07]} 16. Rfb1 {[%clk
00:35:13]} {[%emt 00:16:52]} Rfb8 {[%clk 00:54:19]} {[%emt 00:09:51]} 17. Qxb8+
{[%clk 00:28:20]} {[%emt 00:07:23]} Rxb8 {[%clk 00:53:52]} {[%emt 00:00:58]}
18. Rxb8+ {[%clk 00:28:36]} {[%emt 00:00:13]} Bf8 {[%clk 00:54:15]} {[%emt
00:00:07]} 19. Rab1 {[%clk 00:26:39]} {[%emt 00:02:28]} Kg7 {[%clk 00:53:27]}
{[%emt 00:01:15]} 20. cxd5 {[%clk 00:04:50]} {[%emt 00:22:21]} cxd5 {[%clk
00:49:59]} {[%emt 00:03:57]} 21. d4 {[%clk 00:03:26]} {[%emt 00:01:55]} Be7
{[%clk 00:45:53]} {[%emt 00:04:35]} 22. dxc5 {[%clk 00:01:47]} {[%emt
00:02:09]} Bxc5+ {[%clk 00:46:08]} {[%emt 00:00:16]} 23. Bxc5 {[%clk 00:01:51]}
{[%emt 00:00:26]} Qxc5+ {[%clk 00:46:24]} {[%emt 00:00:13]} 24. Kh1 {[%clk
00:01:40]} {[%emt 00:00:42]} Qa3 {[%clk 00:45:04]} {[%emt 00:01:49]} 25. R8b4
{[%clk 00:00:53]} {[%emt 00:01:18]} Qxa2 {[%clk 00:44:24]} {[%emt 00:01:10]}
26. g4 {[%clk 00:00:39]} {[%emt 00:00:44]} Qf2 {[%clk 00:40:32]} {[%emt
00:04:17]} 27. gxf5 {[%clk 00:00:46]} {[%emt 00:00:27]} Qxf3+ {[%clk 00:40:53]}
{[%emt 00:00:09]} 28. Kg1 {[%clk 00:01:13]} {[%emt 00:00:04]} gxf5 {[%clk
00:38:11]} {[%emt 00:03:11]} 29. R1b3 {[%clk 00:00:49]} {[%emt 00:00:55]} Qd1+
{[%clk 00:37:33]} {[%emt 00:01:08]} 30. Kf2 {[%clk 00:00:57]} {[%emt 00:00:21]}
Qc2+ {[%clk 00:34:22]} {[%emt 00:03:40]} 31. Kg1 {[%clk 00:01:03]} {[%emt
00:00:26]} Kh6 {[%clk 00:24:21]} {[%emt 00:10:31]} 32. Rh3+ {[%clk 00:01:03]}
{[%emt 00:00:29]} Kg6 {[%clk 00:24:02]} {[%emt 00:00:49]} 33. Rbb3 {[%clk
00:01:06]} {[%emt 00:00:28]} Qc1+ {[%clk 00:21:47]} {[%emt 00:02:44]} 34. Kg2
{[%clk 00:01:11]} {[%emt 00:00:26]} Qd2+ {[%clk 00:20:20]} {[%emt 00:01:56]}
35. Kg1 {[%clk 00:01:23]} {[%emt 00:00:19]} h5 {[%clk 00:10:49]} {[%emt
00:09:59]} 36. Rb8 {[%clk 00:00:32]} {[%emt 00:01:24]} Qxf4 {[%clk 00:08:10]}
{[%emt 00:03:08]} 37. Rg3+ {[%clk 00:00:34]} {[%emt 00:00:28]} Kh7 {[%clk
00:08:16]} {[%emt 00:00:21]} 38. Rgg8 {[%clk 00:00:33]} {[%emt 00:00:34]} Qxe5
{[%clk 00:08:01]} {[%emt 00:00:45]} 39. Kg2 {[%clk 00:00:33]} {[%emt 00:00:29]}
d4 {[%clk 00:08:03]} {[%emt 00:00:28]} 40. Rbd8 {[%clk 00:00:49]} {[%emt
00:00:15]} d3 {[%clk 00:08:01]} {[%emt 00:00:32]} 41. Rg5 {[%clk 00:00:52]}
{[%emt 00:00:23]} Qe2+ {[%clk 00:06:53]} {[%emt 00:01:41]} 42. Kg3 {[%clk
00:01:03]} {[%emt 00:00:20]} d2 {[%clk 00:06:05]} {[%emt 00:01:18]} 43. Rgg8
{[%clk 00:00:43]} {[%emt 00:00:49]} Qe5+ {[%clk 00:05:13]} {[%emt 00:01:22]}
44. Kh3 {[%clk 00:00:43]} {[%emt 00:00:30]} d1=Q {[%clk 00:04:57]} {[%emt
00:00:45]} 45. Rdf8 {[%clk 00:00:35]} {[%emt 00:00:40]} Qf1+ {[%clk 00:05:01]}
{[%emt 00:00:24]} 46. Kh4 {[%clk 00:00:36]} {[%emt 00:00:31]} Qef4+ {[%clk
00:05:13]} {[%emt 00:00:16]} 0-1